000 008330000a22002290004500
020 _a84-964-88-02-0
082 0 4 _aG 253 P9121t
100 1 _aPrat i Pons, Ramón, ( 1945-)
245 1 0 _aTratado de teología pastoral : compartir la alegría de la fe / Ramón Prat i Pons
250 _a2a. ed. aum
260 _aSalamanca : Secretariado Trinitario, 2005
300 _a529 p ; 22 cm
440 0 _aCol. Ágape no.11
501 _arústico
505 0 0 _aTeología pastoral y situación de la iglesia -- Criterios de acción. El ser y la acción de la iglesia -- Cuestiones actuales
650 1 4 _aTEOLOGIA PASTORAL \ TEOLOGIA PRACTICA - TRATADOS, MANUALES ETC. \ IGLESIA
001 17996
942 _cBK
999 _c44489
_d44489
336 _atexto
_btxt
_2rdacontent
337 _2rdamedia
_asin mediación
_bn
338 _2rdacarrier
_avolumen
_bnc